| 000 | 00763cab a2200229 4500 | ||
|---|---|---|---|
| 001 | WB2902-46 | ||
| 008 | 090401t1993 xxu||||| |||| 00| 0 eng d | ||
| 035 | _a(Sirsi) u25647 | ||
| 041 | _aeng | ||
| 245 | _aSustainable minerals use | ||
| 260 | _c1993 | ||
| 350 | _a0 | ||
| 490 |
_aPlanning (for the Natural and Built Environment) _v(1000) 8 January 1993, 1; (1001) 15 January 1993, |
||
| 520 | _aMore information on the draft revised planning guidance and a policy issues paper which could lead to more sustainable policy on minerals working. | ||
| 650 | _aMINERAL PLANNING GUIDANCE NOTES | ||
| 650 | _aMINERALS WORKING | ||
| 650 | _aMPGS | ||
| 650 | _aSUSTAINABLE DEVELOPMENT | ||
| 690 | _aMINING AND MINERALS | ||
| 942 | _n0 | ||
| 948 | _c04/03/1997 | ||
| 999 |
_c17234 _d17234 |
||